书目信息 |
| 题名: |
家庭护理技术指南
|
|
| 作者: | 耿莉华 , 王国权 主编 | |
| 分册: | ||
| 出版信息: | 北京 科学技术文献出版社 2006.04 |
|
| 页数: | 261页 | |
| 开本: | 21cm | |
| 丛书名: | ||
| 单 册: | ||
| 中图分类: | R473.2-62 | |
| 科图分类: | R473.2-62 | |
| 主题词: | 家庭-护理-指南 | |
| 电子资源: | ||
| ISBN: | 7-5023-5230-9 | |
| 000 | 00657nam0 2200217 450 | |
| 001 | 0660214125 | |
| 005 | 20061011105621.03 | |
| 010 | @a7-5023-5230-9@dCNY 12.00 | |
| 100 | @a20060824d2006 km y0chiy0120 ea | |
| 101 | 0 | @achi |
| 102 | @aCN@b110000 | |
| 200 | 1 | @a家庭护理技术指南@Ajia ting hu li ji shu zhi nan@f主编耿莉华,王国权@Fzhu bian geng li hua,wang guo quan |
| 210 | @a北京@c科学技术文献出版社@d2006.04 | |
| 215 | @a261页@d21cm | |
| 606 | 0 | @a家庭-护理-指南 |
| 690 | @aR473.2-62@v4 | |
| 692 | @aR473.2-62 | |
| 701 | 0 | @a耿莉华@Ageng li hua@4主编 |
| 701 | 0 | @a王国权@Awang guo quan@4主编 |
| 801 | 0 | @aCN@c20061011 |
| 905 | @a10447@dR473.2-62@eG333 | |
| 家庭护理技术指南/主编耿莉华,王国权.-北京:科学技术文献出版社,2006.04 |
| 261页;21cm |
| ISBN 7-5023-5230-9:CNY 12.00 |
| ● |
| 相关链接 |
|
|
|
正题名:家庭护理技术指南
索取号:R473.2-62/G333
 
预约/预借
| 序号 | 登录号 | 条形码 | 馆藏地/架位号 | 状态 | 备注 |
| 1 | 609678 | 206096785 | 自科库401/401自科库 17排3列5层/ [索取号:R473.2-62/G333] | 在馆 | |
| 2 | 609679 | 206096794 | 自科库401/401自科库 17排3列5层/ [索取号:R473.2-62/G333] | 在馆 | |
| 3 | 609680 | 206096801 | 自科库401/401自科库 17排3列5层/ [索取号:R473.2-62/G333] | 在馆 |